UM Logo
Normal view MARC view
  • Labuguen, Florida C.

Entry Personal Name

Number of records used in: 2

001 - CONTROL NUMBER

  • control field: 46745

003 - CONTROL NUMBER IDENTIFIER

  • control field: OSt

005 - DATE AND TIME OF LATEST TRANSACTION

  • control field: 20221108183723.0

008 - FIXED-LENGTH DATA ELEMENTS

  • fixed length control field: 221108|| aca||aabn | a|a d

040 ## - CATALOGING SOURCE

  • Original cataloging agency: OSt
  • Transcribing agency: OSt

100 ## - HEADING--PERSONAL NAME

  • Personal name: Labuguen, Florida C.

670 ## - SOURCE DATA FOUND

  • Source citation: Work cat.: (OSt): Labuguen, Florida C. , NSRC national service reserve corps in action :, ©2019.